| 000 | 00751nam a2200217Ia 4500 | ||
|---|---|---|---|
| 003 | GCL | ||
| 008 | 140319s9999 xx 000 0 ara d | ||
| 020 | _a3063514977 | ||
| 040 |
_aGCL / _cGCL |
||
| 082 | 0 | 4 |
_a214.32 _bم ح |
| 100 | 1 | _aمحمد الغزالى | |
| 245 | 1 | 0 |
_aحقيقة القومية العربية واسطورة البعث العربى / _cمحمد الغزالى |
| 260 |
_aالقاهرة : _bدار نهضة مصر للطبع والنشر ، _c1998 |
||
| 300 |
_a237 ص ؛ _c24 سم |
||
| 490 | _a | ||
| 650 | 0 | 4 | _aالاسلام |
| 650 | 0 | 4 | _aالقومية العربية |
| 650 | 0 | 4 | _aالاسلام والسياسة |
| 650 | 0 | 4 | _aالقومية - الجوانب الاخلاقية والدينية |
| 942 |
_2ddc _cBK |
||
| 999 |
_c31961 _d31961 |
||